[Event "Chess Super League 2021"]
[Site "Online"]
[Date "2021.10.14"]
[Round "4.1"]
[White "Abdumalik, Zhansaya"]
[Black "Tania, Sachdev"]
[Result "1/2-1/2"]
[WhiteElo "2507"]
[BlackElo "2392"]
[Annotator "ChessBase"]
[PlyCount "60"]
[EventDate "2021.10.11"]
[EventType "team-tourn"]
[EventCountry "NET"]
[SourceTitle "playchess.com"]
[Source "ChessBase"]
[SourceQuality "1"]
[TimeControl "900+10"]

1. e4 {[%emt 0:00:19]} e5 {[%emt 0:00:14]} 2. Nf3 {[%emt 0:00:01]} Nc6 {[%emt 0:00:01]} 3. d4 {[%emt 0:00:01]} exd4 {[%emt 0:00:04]} 4. Nxd4 {[%emt 0:00:03]} Nf6 {[%emt 0:00:05]} 5. Nxc6 {[%emt 0:00:01]} bxc6 {[%emt 0:00:00]} 6. e5 {[%emt 0:00:01]} Qe7 {[%emt 0:00:07]} 7. Qe2 {[%emt 0:00:01]} Nd5 {[%emt 0:00:02]} 8. c4 {[%emt 0:00:01]} Ba6 {[%emt 0:00:27]} 9. b3 {[%emt 0:00:02]} O-O-O {[%emt 0:01:04]} 10. Bb2 {[%emt 0:00:29]} Re8 {[%emt 0:02:23]} 11. Qd2 {[%emt 0:00:31]} Nb6 {[%emt 0:00:45]} 12. Be2 {[%emt 0:00:21]} f6 {[%emt 0:02:55]} 13. O-O {[%emt 0:00:26]} fxe5 {[%emt 0:03:04]} 14. Qa5 {[%emt 0:00:03]} Bb7 {[%emt 0:01:39]} 15. Qxa7 {[%emt 0:00:04]} c5 {[%emt 0:00:02]} 16. Nc3 {[%emt 0:01:21]} Qg5 {[%emt 0:00:16]} 17. f3 {[%emt 0:01:03]} Qd2 {[%emt 0:00:57]} 18. Rab1 {[%emt 0:00:19]} e4 {[%emt 0:00:06]} 19. a4 {[%emt 0:00:52]} Bd6 {[%emt 0:00:28]} 20. a5 {[%emt 0:02:07]} exf3 {[%emt 0:02:21]} 21. Bxf3 {[%emt 0:00:03]} Bxf3 {[%emt 0:00:21]} 22. Rxf3 {[%emt 0:00:03]} Re1+ {[%emt 0:00:01]} 23. Rxe1 {[%emt 0:01:59]} Qxe1+ {[%emt 0:00:03]} 24. Rf1 {[%emt 0:00:01]} Qh4 {[%emt 0:00:45]} 25. g3 {[%emt 0:03:47]} Bxg3 {[%emt 0:00:03]} 26. hxg3 {[%emt 0:00:01]} Qxg3+ {[%emt 0:00:02]} 27. Kh1 {[%emt 0:00:00]} Qh3+ {[%emt 0:00:06]} 28. Kg1 {[%emt 0:00:01]} Qg3+ {[%emt 0:00:01]} 29. Kh1 {[%emt 0:00:01]} Qh3+ {[%emt 0:00:06]} 30. Kg1 {[%emt 0:00:00]} Qg3+ {[%emt 0:00:01]} 1/2-1/2

[Event "Chess Super League 2021"]
[Site "Online"]
[Date "2021.10.14"]
[Round "4.1"]
[White "Savitha Shri B"]
[Black "Priyanka, K."]
[Result "1-0"]
[WhiteElo "2281"]
[BlackElo "2218"]
[Annotator "NA"]
[PlyCount "143"]
[EventDate "2021.10.11"]
[EventType "team-tourn"]
[EventCountry "NET"]
[SourceTitle "playchess.com"]
[Source "ChessBase"]
[SourceQuality "1"]
[TimeControl "900+10"]

1. e4 {[%emt 0:00:12]} c5 {[%emt 0:00:12]} 2. Nf3 {[%emt 0:00:01]} d6 {[%emt 0:00:01]} 3. d4 {[%emt 0:00:02]} cxd4 {[%emt 0:00:01]} 4. Nxd4 {[%emt 0:00:00]} Nf6 {[%emt 0:00:02]} 5. Nc3 {[%emt 0:00:02]} a6 {[%emt 0:00:01]} 6. Nb3 {[%emt 0:00:00]} Nbd7 {[%emt 0:00:46]} 7. g4 {[%emt 0:00:33]} h6 {[%emt 0:02:40]} 8. Bg2 {[%emt 0:00:29]} e5 {[%emt 0:01:18]} 9. h4 {[%emt 0:01:15]} Be7 {[%emt 0:01:51]} 10. g5 {[%emt 0:02:55]} hxg5 {[%emt 0:01:04]} 11. hxg5 {[%emt 0:00:43]} Rxh1+ {[%emt 0:00:07]} 12. Bxh1 {[%emt 0:00:00]} Nh7 {[%emt 0:00:11]} 13. g6 {[%emt 0:02:27]} fxg6 {[%emt 0:00:24]} 14. Be3 {[%emt 0:00:58]} Ndf6 {[%emt 0:01:00]} 15. Bf3 {[%emt 0:01:12]} Be6 {[%emt 0:02:29]} 16. Qe2 $11 {[%emt 0:01:08]} b5 {[%emt 0:02:00]} 17. O-O-O {[%emt 0:00:59]} Qc7 {[%emt 0:00:19]} 18. Rg1 {[%emt 0:01:12]} Nf8 {[%emt 0:00:21]} 19. Qd2 {[%emt 0:01:12]} Rc8 {[%emt 0:00:19]} 20. Kb1 {[%emt 0:00:19]} b4 {[%emt 0:00:34]} 21. Na4 {[%emt 0:00:40]} a5 {[%emt 0:00:16]} 22. Rc1 {[%emt 0:01:03]} Qc6 {[%emt 0:01:35]} 23. Nb6 {[%emt 0:00:17]} Rb8 {[%emt 0:00:02]} 24. Nd5 {[%emt 0:00:36]} Bxd5 {[%emt 0:00:09]} 25. exd5 {[%emt 0:00:04]} Qb5 {[%emt 0:00:06]} 26. c4 {[%emt 0:00:06]} bxc3 {[%emt 0:00:07]} 27. Rxc3 {[%emt 0:00:09]} a4 {[%emt 0:00:12]} 28. Nc1 {[%emt 0:00:04]} e4 {[%emt 0:00:17]} 29. Be2 {[%emt 0:00:01]} Qxd5 {[%emt 0:00:01]} 30. Qc2 {[%emt 0:00:00]} Qa5 {[%emt 0:00:56]} 31. Bd2 {[%emt 0:00:03]} Qa8 {[%emt 0:00:19]} 32. Rc4 {[%emt 0:00:48]} a3 {[%emt 0:00:11]} 33. Nb3 {[%emt 0:00:23]} Ne6 {[%emt 0:00:18]} 34. f3 {[%emt 0:00:10]} d5 {[%emt 0:00:12]} 35. Rc6 {[%emt 0:00:21]} Nd4 {[%emt 0:00:11]} 36. Nxd4 {[%emt 0:00:01]} Rxb2+ {[%emt 0:00:02]} 37. Qxb2 {[%emt 0:00:01]} axb2 {[%emt 0:00:00]} 38. Bb5 {[%emt 0:00:08]} Kf7 {[%emt 0:00:02]} 39. Ne6 {[%emt 0:00:08]} g5 {[%emt 0:00:35]} 40. Nxg5+ {[%emt 0:00:02]} Kg6 {[%emt 0:00:01]} 41. fxe4 {[%emt 0:00:03]} dxe4 {[%emt 0:00:04]} 42. Nxe4 {[%emt 0:00:12]} Qb7 {[%emt 0:00:11]} 43. a4 {[%emt 0:00:03]} Qb8 {[%emt 0:00:25]} 44. Kxb2 {[%emt 0:00:31]} Qe5+ {[%emt 0:00:05]} 45. Nc3 {[%emt 0:00:01]} Qd4 {[%emt 0:00:06]} 46. Kc2 {[%emt 0:00:09]} Bb4 {[%emt 0:00:10]} 47. Rc4 {[%emt 0:00:08]} Qd6 {[%emt 0:00:13]} 48. Rh4 {[%emt 0:00:34]} Bxc3 {[%emt 0:00:14]} 49. Bxc3 {[%emt 0:00:05]} Qg3 {[%emt 0:00:07]} 50. Bd3+ {[%emt 0:00:04]} Kf7 {[%emt 0:00:03]} 51. Bc4+ {[%emt 0:00:01]} Kg6 {[%emt 0:00:13]} 52. Bd3+ {[%emt 0:00:02]} Kf7 {[%emt 0:00:24]} 53. Rd4 {[%emt 0:00:25]} Qf2+ {[%emt 0:00:01]} 54. Kb3 {[%emt 0:00:03]} g5 {[%emt 0:00:07]} 55. a5 {[%emt 0:00:06]} g4 {[%emt 0:00:17]} 56. a6 {[%emt 0:00:03]} g3 {[%emt 0:00:07]} 57. a7 {[%emt 0:00:12]} Qf3 {[%emt 0:00:03]} 58. Ra4 {[%emt 0:00:25]} Qb7+ {[%emt 0:00:14]} 59. Bb4 {[%emt 0:00:07]} Qa8 {[%emt 0:00:08]} 60. Bc5 {[%emt 0:00:27]} g2 {[%emt 0:00:11]} 61. Rf4 {[%emt 0:00:20]} Qb7+ {[%emt 0:00:30]} 62. Rb4 {[%emt 0:00:16]} Qf3 {[%emt 0:00:02]} 63. Kc2 {[%emt 0:00:08]} Nd5 {[%emt 0:00:10]} 64. Rb7+ {[%emt 0:00:04]} Ke6 {[%emt 0:00:07]} 65. a8=Q {[%emt 0:00:05]} Nb4+ {[%emt 0:00:08]} 66. Bxb4 {[%emt 0:00:11]} Qf2+ {[%emt 0:00:03]} 67. Bd2 {[%emt 0:00:03]} Qc5+ {[%emt 0:00:10]} 68. Bc3 {[%emt 0:00:17]} Qf2+ {[%emt 0:00:02]} 69. Kb3 {[%emt 0:00:04]} g1=Q {[%emt 0:00:22]} 70. Qe8+ {[%emt 0:00:02]} Kd6 {[%emt 0:00:13]} 71. Qe7+ {[%emt 0:00:12]} Kc6 {[%emt 0:00:11]} 72. Be4# {[%emt 0:00:06]} 1-0

[Event "Chess Super League 2021"]
[Site "Online"]
[Date "2021.10.14"]
[Round "4.2"]
[White "Nakamura, Hikaru"]
[Black "Wang, Hao"]
[Result "1-0"]
[WhiteElo "2736"]
[BlackElo "2744"]
[Annotator "TA"]
[PlyCount "199"]
[EventDate "2021.10.11"]
[EventType "team-tourn"]
[EventCountry "NET"]
[SourceTitle "playchess.com"]
[Source "ChessBase"]
[SourceQuality "1"]

{[%evp 9,199,0,-2,-25,-26,-16,-17,-17,-2,-11,-3,-18,12,12,14,14,7,20,10,0,0,0,67,-23,-28,-21,-21,-25,-25,-19,-24,-28,-24,-33,0,-19,-9,-14,-16,-24,15,-18,-5,-15,-20,-50,-28,-18,-3,-11,-6,-27,-8,-41,0,-9,-7,-8,-8,-14,-14,-20,-14,-21,0,-18,-13,-27,0,0,48,50,78,62,107,100,110,103,104,78,102,78,74,14,9,11,9,14,11,6,47,39,40,47,42,53,123,126,127,119,133,133,143,134,143,120,129,43,151,158,166,86,125,89,102,102,97,91,157,154,163,154,158,137,134,154,218,220,222,222,227,228,244,232,221,194,202,196,189,189,182,177,207,170,287,281,297,296,332,265,318,317,328,227,332,321,296,295,361,266,354,334,326,259,255,261,261,256,252,245,374,374,374,374,374,374,342,345,462,467,508,465,487,472,444,397,502,487,1287,360,1170,1111]} 1. Nf3 d5 2. e3 Nf6 3. c4 e6 4. Nc3 Nbd7 5. cxd5 exd5 {[#]} 6. g3 $146 {A17: English Opening: 1...Nf6 with ...Bb4.} ({Predecessor:} 6. d4 Be7 7. Bd3 c6 8. O-O O-O 9. b3 Bd6 10. Bb2 Re8 11. Rc1 Nf8 12. Bb1 Bg4 13. h3 Bh5 14. Bf5 Bg6 15. Qc2 Bxf5 16. Qxf5 Qd7 17. Qxd7 N8xd7 {½-½ (41) Kujawa,W (1756)-Junge,W (1853) Berlin 2017}) 6... Bd6 7. Bg2 O-O 8. O-O {The position is equal.} Re8 9. Qc2 c6 10. b3 b6 11. Bb2 Ba6 12. Rfd1 Rc8 13. d3 Bb7 14. e4 c5 15. Re1 a6 (15... d4 $11 16. Nb5 Bb8) 16. Nh4 (16. exd5 $14 Nxd5 17. Nxd5 Bxd5 18. Rxe8+ Qxe8 19. Re1) 16... d4 $11 17. Nb1 Bf8 18. Nd2 b5 19. a4 Ne5 20. axb5 axb5 21. Nhf3 Nxf3+ (21... Nc6 {is more complex.} 22. Ba3 g6 23. Rec1 Ng4 24. Qb1 Qb6) 22. Bxf3 Nd7 23. Bg4 Rc7 24. f4 Nb6 25. Ba3 Bc8 26. Bxc8 (26. Be2 {is interesting.} g6 27. Bf3 h5 28. e5 Bf5 29. Ne4) 26... Rxc8 27. Rac1 Qd7 28. Nf3 Rc7 (28... b4 $5 29. Bb2 $8 Ra8 $11) 29. Bb2 Rec8 30. Qf2 Qe6 31. Nd2 Qd7 32. Ra1 Ra7 33. Rxa7 Qxa7 34. Ra1 Qb7 35. Qf3 Ra8 36. Qd1 Rc8 37. Ra5 c4 38. Bxd4 cxd3 {With the idea ...Rc2.} (38... c3 $5 {[%cal Rf8b4]} 39. Nf3 (39. Rxb5 $2 c2 $19) 39... Nd7 $11) 39. Nf3 ({Not} 39. Rxb5 $2 Qd7 $1 $19) 39... d2 40. Nxd2 Rd8 41. Bf2 Qc6 42. Ra2 Bb4 {[#]} 43. Qc2 $1 Qb7 (43... Qxc2 44. Rxc2) 44. Nf1 h6 45. Qe2 Nd7 46. Ra7 ({White should try} 46. Qd1 $16) 46... Qc6 47. Qd3 Bc5 48. Ra2 $36 {[%mdl 2048] White fights for an advantage.} Bxf2+ 49. Rxf2 Rc8 (49... Qb6 $5 {[%cal Rd7c5]}) 50. e5 Nc5 51. Qc3 b4 52. Qc4 Ne4 (52... Ne6 $14) 53. Qxc6 $16 Rxc6 {[%mdl 4096] Endgame KRN-KRN} 54. Re2 {[%cal Re2e4]} Nc3 {[#]} 55. Rd2 Ra6 56. Rd8+ Kh7 57. Rb8 Ra1 58. Kg2 ({White should play} 58. Rb7 $16) 58... Nd5 (58... Ra2+ $14 59. Kh3 Rf2) 59. Rb5 Rd1 {[#]} 60. f5 (60. Kf2 $1 $18) 60... Rd3 61. Kf2 Ne7 62. e6 fxe6 63. fxe6 {Black must now prevent Rb7.} Nd5 {[#]} ({Better is} 63... Kg6) 64. Rxb4 $3 {[%mdl 512]} Kg6 (64... Nxb4 $2 {loses.} 65. e7 $18) 65. Rb7 Kf6 66. Rf7+ Kxe6 67. Rxg7 Rxb3 (67... h5 $16 {is a better defense.} 68. Rh7 Nf6) 68. Rg6+ $18 Kf5 69. Rxh6 Rb2+ 70. Kg1 Rb1 {...Ne3 would now be nice for Black.} 71. Rh8 Rb2 72. Rf8+ Nf6 73. Ne3+ Kg6 74. Rd8 Ne4 75. Rg8+ Kf6 76. Rf8+ Kg6 (76... Kg7 $142 77. Ra8 Rb3) 77. Ng4 Ng5 78. Nf2 Ne6 79. Ra8 Nc5 80. Ra3 Rc2 81. Rf3 Ne6 (81... Nd7 $142 82. h4 Nf6) 82. Kg2 Nd4 83. Rd3 Nf5 84. h3 Kf6 85. Kf3 Ke6 86. Ng4 Ra2 87. Ne3 Ne7 88. Rb3 Ng6 89. Ng4 Ra1 (89... Ra5 $142 90. h4 Kf7 91. Rb7+ Ke6) 90. Rb6+ Kf7 91. Nh6+ Kg7 92. Nf5+ Kf7 93. Kg4 Ne5+ 94. Kh5 Ra5 {intending ...Nd7.} 95. g4 Nf3 96. Rd6 Rc5 97. Rd7+ Ke6 98. Rd3 Ne5 (98... Nh2 $142 99. Kg5 Rc4) 99. Rd6+ Kf7 100. g5 {Weighted Error Value: White=0.13/Black=0.18} 1-0

[Event "Chess Super League 2021"]
[Site "Online"]
[Date "2021.10.14"]
[Round "4.2"]
[White "Vidit, Santosh Gujrathi"]
[Black "Sasikiran, Krishnan"]
[Result "1/2-1/2"]
[WhiteElo "2727"]
[BlackElo "2640"]
[Annotator "TA"]
[PlyCount "51"]
[EventDate "2021.10.11"]
[EventType "team-tourn"]
[EventCountry "NET"]
[SourceTitle "playchess.com"]
[Source "ChessBase"]
[SourceQuality "1"]

{[%evp 9,51,31,25,29,28,20,25,25,34,22,22,12,33,23,52,67,76,54,63,22,27,0,4,6,8,-10,-20,-26,-26,-19,-15,-16,-15,-23,0,0,0,0,0,0,0,0,0,0]} 1. d4 Nf6 2. c4 e6 3. Nf3 d5 4. Nc3 h6 5. e3 a6 6. b3 {D37: Queen's Gambit Declined: 5 Bf4.} c5 7. Bb2 cxd4 8. exd4 {[#] White has an edge.} b6 $146 ({Predecessor:} 8... Nc6 9. a3 b6 10. Rc1 Bd6 11. Bd3 O-O 12. O-O Bb7 13. Re1 Rc8 14. Na4 dxc4 15. bxc4 {½-½ (70) Vassiliev,I (2309)-Fischer,D (2327) ICCF email 2011}) 9. Bd3 Bb7 10. O-O Be7 11. Qe2 O-O 12. cxd5 exd5 13. Ne5 Re8 14. Rae1 {Threatens to win with Nxf7!} Bd6 15. Qc2 Qc7 16. Na4 Nc6 17. Rc1 {[%cal Re5c6] [#]} b5 $1 18. Nc5 {[#]} (18. Nxc6 Bxh2+) 18... Nxd4 $1 {[%mdl 64] Remove Defender} 19. Bxd4 {aiming for f4.} Bxe5 20. Bxe5 Rxe5 21. Qb2 d4 22. Nxb7 {The position is equal.} Qxb7 23. Qxd4 Rd5 24. Be4 Nxe4 25. Qxe4 Rad8 26. g3 {Weighted Error Value: White=0.08/Black=0.05} 1/2-1/2

[Event "Chess Super League 2021"]
[Site "Online"]
[Date "2021.10.14"]
[Round "4.2"]
[White "Aryan Chopra"]
[Black "Sadhwani, Raunak"]
[Result "1-0"]
[WhiteElo "2585"]
[BlackElo "2609"]
[Annotator "TA"]
[PlyCount "82"]
[EventDate "2021.10.11"]
[EventType "team-tourn"]
[EventCountry "NET"]
[SourceTitle "playchess.com"]
[Source "ChessBase"]
[SourceQuality "1"]

{[%evp 17,82,0,0,7,9,10,12,0,0,0,0,0,0,0,0,0,0,0,0,0,60,0,0,0,0,0,0,0,0,0,-6,0,-9,-12,41,23,27,-19,-32,-18,-7,-19,-26,-26,-39,-25,0,0,0,0,19,19,19,18,15,15,21,23,26,23,33,29,73,72,76,69,75]} 1. e4 e5 2. Nf3 Nc6 3. Bc4 Bc5 4. c3 Nf6 5. d4 exd4 6. e5 d5 7. Bb5 Ne4 8. cxd4 Bb6 9. Nc3 O-O 10. Be3 {C54: Giuoco Piano: 4 c3 Nf6, main lines with 5 d4 and 5 d3.} Bg4 11. h3 Bh5 12. Qc2 {The position is equal.} Ba5 {12...Nxc3 is setting a new trend.} 13. O-O Bxf3 14. gxf3 Nxd4 15. Bxd4 Qg5+ $1 16. Kh1 Bxc3 17. Bxc3 Qf5 18. Rfc1 Qxh3+ 19. Kg1 Ng5 {[%cal Rg5f3] [#]} 20. Be2 Qh6 21. Kg2 Qh3+ 22. Kg1 Qh6 23. f4 Nh3+ 24. Kg2 $1 Nxf4+ 25. Kf3 $1 Ng6 (25... c5 $11) 26. Rh1 $14 Qg5 {[#] Hoping for ...d4.} 27. Rag1 $146 ({Predecessor:} 27. Bd3 d4 28. Bd2 Nh4+ 29. Ke2 Qg4+ 30. Ke1 Rae8 31. Bxh7+ Kh8 32. Qf5 {½-½ (30) Nefedov,S (2557)-Voll,A (2571) ICCF email 2017}) 27... Nh4+ 28. Rxh4 Qxh4 29. Qf5 Rae8 30. Qg4 Qxg4+ 31. Kxg4 c5 {...d4 is the strong threat.} 32. f4 $1 f6 33. Re1 h5+ 34. Kxh5 fxe5 35. Bxe5 Rf5+ 36. Kg4 Rfxe5 37. fxe5 Rxe5 38. Kf3 Kf7 39. Rh1 Re7 40. Rh5 Ke6 41. Kf4 b6 {Weighted Error Value: White=0.03/Black=0.06} 1-0

[Event "Chess Super League 2021"]
[Site "Online"]
[Date "2021.10.14"]
[Round "4.2"]
[White "Muzychuk, Mariya"]
[Black "Karavade, Eesha"]
[Result "1/2-1/2"]
[WhiteElo "2536"]
[BlackElo "2345"]
[Annotator "ChessBase"]
[PlyCount "84"]
[EventDate "2021.10.11"]
[EventType "team-tourn"]
[EventCountry "NET"]
[SourceTitle "playchess.com"]
[Source "ChessBase"]
[SourceQuality "1"]
[TimeControl "900+10"]

1. c4 {[%emt 0:00:15]} e6 {[%emt 0:00:13]} 2. Nc3 {[%emt 0:00:05]} d5 {[%emt 0:00:02]} 3. d4 {[%emt 0:00:04]} Bb4 {[%emt 0:00:03]} 4. cxd5 {[%emt 0:00:09]} exd5 {[%emt 0:00:02]} 5. Bf4 {[%emt 0:00:02]} c5 {[%emt 0:00:24]} 6. e3 {[%emt 0:01:02]} c4 {[%emt 0:00:02]} 7. Bxb8 {[%emt 0:05:03]} Bxc3+ {[%emt 0:00:05]} 8. bxc3 {[%emt 0:00:01]} Rxb8 {[%emt 0:00:01]} 9. Nf3 {[%emt 0:01:38]} Nf6 {[%emt 0:00:14]} 10. Nd2 {[%emt 0:00:29]} Bf5 {[%emt 0:01:52]} 11. Be2 {[%emt 0:00:07]} O-O {[%emt 0:00:03]} 12. O-O {[%emt 0:00:03]} Qa5 {[%emt 0:00:34]} 13. Qc1 {[%emt 0:00:21]} Rfe8 {[%emt 0:00:31]} 14. a4 {[%emt 0:00:25]} h6 {[%emt 0:00:10]} 15. Re1 {[%emt 0:00:57]} Ne4 {[%emt 0:01:44]} 16. Nxe4 {[%emt 0:00:25]} Bxe4 {[%emt 0:00:01]} 17. f3 {[%emt 0:01:31]} Bg6 {[%emt 0:00:03]} 18. Bd1 {[%emt 0:00:50]} Bd3 {[%emt 0:00:56]} 19. Qd2 {[%emt 0:00:56]} b5 {[%emt 0:00:30]} 20. Bc2 {[%emt 0:00:08]} Bxc2 {[%emt 0:00:29]} 21. Qxc2 {[%emt 0:00:30]} b4 {[%emt 0:00:02]} 22. cxb4 {[%emt 0:00:02]} Rxb4 {[%emt 0:00:10]} 23. e4 {[%emt 0:00:31]} Qb6 {[%emt 0:01:22]} 24. exd5 {[%emt 0:00:12]} Qxd4+ {[%emt 0:00:07]} 25. Qf2 {[%emt 0:00:04]} Qxf2+ {[%emt 0:00:21]} 26. Kxf2 {[%emt 0:00:04]} Rb2+ {[%emt 0:00:01]} 27. Kg3 {[%emt 0:00:25]} Rxe1 {[%emt 0:00:07]} 28. Rxe1 {[%emt 0:00:01]} Rd2 {[%emt 0:00:05]} 29. Re8+ {[%emt 0:00:40]} Kh7 {[%emt 0:00:02]} 30. Rc8 {[%emt 0:00:04]} Rxd5 {[%emt 0:00:42]} 31. Rxc4 {[%emt 0:01:35]} a5 {[%emt 0:00:09]} 32. Rc7 {[%emt 0:00:06]} Rd4 {[%emt 0:00:16]} 33. Rxf7 {[%emt 0:00:06]} Rxa4 {[%emt 0:00:01]} 34. Ra7 {[%emt 0:00:01]} Ra2 {[%emt 0:00:05]} 35. h4 {[%emt 0:00:03]} h5 {[%emt 0:00:10]} 36. Kh3 {[%emt 0:00:03]} Kg6 {[%emt 0:00:11]} 37. g4 {[%emt 0:00:18]} hxg4+ {[%emt 0:00:16]} 38. Kxg4 {[%emt 0:00:02]} a4 {[%emt 0:00:05]} 39. h5+ {[%emt 0:00:03]} Kh6 {[%emt 0:00:05]} 40. Ra6+ {[%emt 0:00:04]} Kh7 {[%emt 0:00:02]} 41. Kg5 {[%emt 0:00:08]} Rg2+ {[%emt 0:00:07]} 42. Kf5 {[%emt 0:00:08]} Rh2 {[%emt 0:00:08]} 1/2-1/2

[Event "Chess Super League 2021"]
[Site "Online"]
[Date "2021.10.14"]
[Round "4.2"]
[White "Kosteniuk, Alexandra"]
[Black "Gomes, Mary Ann"]
[Result "1-0"]
[WhiteElo "2518"]
[BlackElo "2354"]
[Annotator "ChessBase"]
[PlyCount "61"]
[EventDate "2021.10.11"]
[EventType "team-tourn"]
[EventCountry "NET"]
[SourceTitle "playchess.com"]
[Source "ChessBase"]
[SourceQuality "1"]
[TimeControl "900+10"]

1. d4 {[%emt 0:00:10]} Nf6 {[%emt 0:00:17]} 2. c4 {[%emt 0:00:02]} e6 {[%emt 0:00:02]} 3. Nc3 {[%emt 0:00:02]} Bb4 {[%emt 0:00:04]} 4. e3 {[%emt 0:00:03]} b6 {[%emt 0:00:05]} 5. Nge2 {[%emt 0:00:05]} Bb7 {[%emt 0:00:03]} 6. a3 {[%emt 0:00:19]} Bxc3+ {[%emt 0:01:06]} 7. Nxc3 {[%emt 0:00:01]} O-O {[%emt 0:00:04]} 8. Bd3 {[%emt 0:00:18]} d5 {[%emt 0:00:13]} 9. cxd5 {[%emt 0:00:07]} exd5 {[%emt 0:00:08]} 10. b4 {[%emt 0:01:04]} Nbd7 {[%emt 0:00:23]} 11. O-O {[%emt 0:00:52]} c5 {[%emt 0:01:45]} 12. dxc5 {[%emt 0:00:29]} bxc5 {[%emt 0:00:02]} 13. Bb2 {[%emt 0:00:48]} Qb6 {[%emt 0:01:57]} 14. Ne2 {[%emt 0:01:03]} Rfe8 {[%emt 0:01:33]} 15. Ng3 {[%emt 0:00:23]} Ne5 {[%emt 0:00:12]} 16. Be2 {[%emt 0:01:05]} Rad8 {[%emt 0:01:47]} 17. Qc2 {[%emt 0:01:51]} d4 {[%emt 0:01:17]} 18. Qxc5 {[%emt 0:00:06]} Qxc5 {[%emt 0:00:04]} 19. bxc5 {[%emt 0:00:02]} d3 {[%emt 0:00:01]} 20. Bd1 {[%emt 0:00:06]} Bc6 {[%emt 0:03:13]} 21. Bd4 {[%emt 0:02:11]} Nc4 {[%emt 0:00:08]} 22. Nf5 {[%emt 0:02:09]} Nd2 {[%emt 0:01:27]} 23. Re1 {[%emt 0:00:12]} Rd5 {[%emt 0:00:08]} 24. g4 {[%emt 0:02:51]} h5 {[%emt 0:01:17]} 25. h3 {[%emt 0:00:05]} hxg4 {[%emt 0:00:02]} 26. hxg4 {[%emt 0:00:01]} Re6 {[%emt 0:01:11]} 27. f3 {[%emt 0:01:05]} g6 {[%emt 0:00:12]} 28. Ne7+ {[%emt 0:00:24]} Rxe7 {[%emt 0:00:02]} 29. Bxf6 {[%emt 0:00:01]} Re8 {[%emt 0:00:34]} 30. Kf2 {[%emt 0:00:13]} Rxc5 {[%emt 0:00:08]} 31. Rh1 {[%emt 0:00:04]} 1-0

[Event "Chess Super League 2021"]
[Site "Online"]
[Date "2021.10.14"]
[Round "4.2"]
[White "Tarini Goyal"]
[Black "Mrudul Dehankar"]
[Result "1/2-1/2"]
[WhiteElo "2164"]
[BlackElo "2256"]
[Annotator "NA"]
[PlyCount "76"]
[EventDate "2021.10.11"]
[EventType "team-tourn"]
[EventCountry "NET"]
[SourceTitle "playchess.com"]
[Source "ChessBase"]
[SourceQuality "1"]
[TimeControl "900+10"]

1. d4 {[%emt 0:00:13]} Nf6 {[%emt 0:00:12]} 2. c4 {[%emt 0:00:02]} e6 {[%emt 0:00:03]} 3. g3 {[%emt 0:00:02]} Bb4+ {[%emt 0:00:02]} 4. Bd2 {[%emt 0:00:09]} c5 {[%emt 0:01:26]} 5. Bxb4 {[%emt 0:00:09]} cxb4 {[%emt 0:00:02]} 6. Bg2 {[%emt 0:00:07]} O-O {[%emt 0:00:02]} 7. a3 {[%emt 0:00:26]} bxa3 {[%emt 0:00:33]} 8. Nxa3 {[%emt 0:00:04]} Nc6 {[%emt 0:00:37]} 9. Nf3 {[%emt 0:00:18]} d6 {[%emt 0:01:23]} 10. O-O {[%emt 0:00:15]} e5 {[%emt 0:00:41]} 11. Nb5 {[%emt 0:00:59]} e4 {[%emt 0:07:13]} 12. Ng5 {[%emt 0:03:41]} Bf5 {[%emt 0:02:38]} 13. d5 {[%emt 0:00:20]} Ne5 {[%emt 0:00:43]} 14. Qd4 {[%emt 0:00:24]} a6 {[%emt 0:00:54]} 15. Nc3 {[%emt 0:00:10]} Rc8 {[%emt 0:00:02]} 16. b3 {[%emt 0:00:04]} e3 {[%emt 0:00:51]} 17. fxe3 {[%emt 0:02:05]} Bg6 {[%emt 0:00:10]} 18. Nge4 {[%emt 0:02:37]} Nxe4 {[%emt 0:00:17]} 19. Nxe4 {[%emt 0:00:50]} f5 {[%emt 0:00:05]} 20. Nf2 {[%emt 0:00:11]} Bh5 {[%emt 0:00:06]} 21. Ra2 {[%emt 0:00:40]} Qe7 {[%emt 0:00:13]} 22. Nh3 {[%emt 0:02:26]} Ng4 {[%emt 0:00:19]} 23. Nf4 {[%emt 0:00:47]} Qxe3+ {[%emt 0:00:11]} 24. Qxe3 {[%emt 0:00:03]} Nxe3 {[%emt 0:00:01]} 25. Nxh5 {[%emt 0:00:04]} Nxf1 {[%emt 0:00:01]} 26. Bxf1 {[%emt 0:00:07]} g5 {[%emt 0:00:03]} 27. e3 {[%emt 0:00:21]} Rce8 {[%emt 0:00:29]} 28. Kf2 {[%emt 0:00:22]} Kf7 {[%emt 0:00:06]} 29. Be2 {[%emt 0:00:20]} Kg6 {[%emt 0:00:02]} 30. Bd1 {[%emt 0:00:01]} Re7 {[%emt 0:00:08]} 31. Rd2 {[%emt 0:00:43]} Re5 {[%emt 0:00:26]} 32. Rd3 {[%emt 0:00:16]} b5 {[%emt 0:00:05]} 33. cxb5 {[%emt 0:00:19]} axb5 {[%emt 0:00:01]} 34. h3 {[%emt 0:00:10]} h6 {[%emt 0:00:08]} 35. Kg2 {[%emt 0:00:24]} Rfe8 {[%emt 0:00:14]} 36. Kf2 {[%emt 0:00:24]} Rf8 {[%emt 0:00:03]} 37. Kg2 {[%emt 0:00:03]} Rfe8 {[%emt 0:00:25]} 38. Kf2 {[%emt 0:00:15]} Rf8 {[%emt 0:00:16]} 1/2-1/2

[Event "Chess Super League 2021"]
[Site "Online"]
[Date "2021.10.14"]
[Round "4.3"]
[White "Radjabov, Teimour"]
[Black "Giri, Anish"]
[Result "1/2-1/2"]
[WhiteElo "2763"]
[BlackElo "2774"]
[Annotator "TA"]
[PlyCount "36"]
[EventDate "2021.10.11"]
[EventType "team-tourn"]
[EventCountry "NET"]
[SourceTitle "playchess.com"]
[Source "ChessBase"]
[SourceQuality "1"]

{[%evp 20,36,22,13,11,0,0,0,6,-6,-6,-6,-8,-9,0,0,0,-10,0]} 1. d4 Nf6 2. c4 e6 3. Nf3 d5 4. Nc3 Bb4 5. Bg5 h6 6. Bxf6 Qxf6 7. e3 O-O 8. Rc1 dxc4 9. Bxc4 c5 10. O-O cxd4 11. Nxd4 $1 {The position is equal. The main line 11.Nxd4 scores better than 11.Ne4.} Bd7 {D38: Queen's Gambit Declined: Ragozin Defence (4 Nf3 Bb4).} 12. Qb3 Nc6 13. Nxc6 Bxc3 14. Rxc3 (14. Qxc3 Bxc6 15. Qxf6 gxf6 16. Rfd1 Rfd8 17. f3 f5 18. Kf2 Kg7 19. Ke1 Kf6 20. Rxd8 Rxd8 21. Be2 Rd6 22. Rd1 Rxd1+ 23. Kxd1 e5 24. Kd2 f4 25. Bd3 {½-½ (40) Radjabov,T (2765)-Giri,A (2764) chess24.com INT 2021}) 14... Bxc6 15. Bb5 Bd5 16. Bc4 Bc6 17. Bb5 {[#]} Bd5 $146 ({Predecessor:} 17... Be4 18. Bd3 Bxd3 19. Rxd3 b6 20. Rfd1 Rad8 21. Rxd8 Rxd8 22. Rxd8+ Qxd8 23. g3 {½-½ (33) Storme,I (2397)-Wiedenkeller,M (2445) Helsingborg 2021}) 18. Bc4 Bc6 {An uneventful encounter.  Weighted Error Value: White=0.04/Black=0.02} 1/2-1/2